01334cam a2200313 a 450000100090000000300040000900500170001300800410003001000170007102000300008802000270011802000260014502000230017103500240019404000350021805000220025308200230027524501300029826000580042830000400048650000390052650400510056552002550061665000370087165000230090865000310093165000370096270000210099915820963OSt20220106115052.0090716s2010 pauab b 001 0 eng  a 2009026287 a9781605668727 (hardcover) a1605668729 (hardcover) a9781605668734 (ebook) a1605668737 (ebook) a(OCoLC)ocn351305818 aDLCcDLCdBTCTAdC#PdCDXdDLC00aHV6024b.C37 201000a364.071222bSET/C00aCases on technologies for teaching criminology and victimology :bmethodologies and practices /c[edited by] Raffaella Sette. aHershey, PA :bInformation Science Reference,cc2010. axxx, 287 p. :bill., maps ;c29 cm. a"Premier reference source"--Cover. aIncludes bibliographical references and index. a"This book is for those involved in the planning, development and implementation of different teaching methodologies of criminology and victimology in the academic field, in the police academies and in victim support services"--Provided by publisher. 0aCriminologyxStudy and teaching. 0aVictims of crimes. 0aCriminologyvCase studies. 0aVictims of crimesvCase studies.1 aSette, Raffaella